Замедление и поглощение резонансных нейтронов

Бібліографічні деталі
Автор: Лукьянов А. А. Александр Александрович
Мова:Російська
Опубліковано: Москва, Атомиздат, 1974
Предмети:
Формат: Книга
KOHA link:https://koha.lib.tpu.ru/cgi-bin/koha/opac-detail.pl?biblionumber=60483

MARC

LEADER 00000nam0a2200000 4500
001 60483
005 20231031061456.0
035 |a (RuTPU)RU\TPU\book\63968 
090 |a 60483 
100 |a 20040209d1974 k y0rusy50 ca 
101 0 |a rus 
102 |a RU 
105 |a a z 001zy 
200 1 |a Замедление и поглощение резонансных нейтронов  |f А. А. Лукьянов 
210 |a Москва  |c Атомиздат  |d 1974 
215 |a 360 с.  |c ил. 
320 |a Списки литературы в тексте. 
610 1 |a нейтроны 
610 1 |a поглощение 
610 1 |a ядерные реакторы 
610 1 |a режимы работы 
610 1 |a замедление 
610 1 |a исследования 
675 |a 539.125.5  |v 3 
700 1 |a Лукьянов  |b А. А.  |g Александр Александрович 
801 1 |a RU  |b 63413507  |c 20040209  |g PSBO 
801 2 |a RU  |b 63413507  |c 20150625  |g PSBO 
942 |c BK